Entry Personal Name
Number of records used in: 1
001 - CONTROL NUMBER
003 - CONTROL NUMBER IDENTIFIER
005 - DATE AND TIME OF LATEST TRANSACTION
- control field:
20231125131808.0
008 - FIXED-LENGTH DATA ELEMENTS
- fixed length control field:
800922n| azannaab |n aaa
010 ## - LIBRARY OF CONGRESS CONTROL NUMBER
- LC control number:
n 80106770
040 ## - CATALOGING SOURCE
- Original cataloging agency:
DLC
- Language of cataloging:
eng
- Description conventions:
rda
- Transcribing agency:
DLC
- Modifying agency:
DLC
100 10 - HEADING--PERSONAL NAME
- Personal name:
Tenenbaum, Aaron M.
670 ## - SOURCE DATA FOUND
- Source citation:
Author's Type determination for very high level languages, 1974.
670 ## - SOURCE DATA FOUND
- Source citation:
Information from 678 converted Dec. 17, 2014
- Information found:
(Dept. of Computer and Info. Sci., Brooklyn College; b. 5/13/50)